Will the regions rule the roads? (Record no. 77498)
[ view plain ]
| 000 -LEADER | |
|---|---|
| fixed length control field | 01159cab a2200193 4500 |
| 001 - CONTROL NUMBER | |
| control field | ##L134385 |
| 008 - FIXED-LENGTH DATA ELEMENTS--GENERAL INFORMATION | |
| fixed length control field | 060801n2006 000 0 eng u |
| 035 ## - SYSTEM CONTROL NUMBER | |
| System control number | (Sirsi) u134385 |
| 041 0# - LANGUAGE CODE | |
| Language code of text/sound track or separate title | eng |
| 100 1# - MAIN ENTRY--PERSONAL NAME | |
| Personal name | Mann, Will |
| 245 00 - TITLE STATEMENT | |
| Title | Will the regions rule the roads? |
| 260 ## - PUBLICATION, DISTRIBUTION, ETC. | |
| Date of publication, distribution, etc. | 2006 |
| 490 #0 - SERIES STATEMENT | |
| Series statement | Contract Journal |
| Volume/sequential designation | 434(6585) 26 July 2006, 20-21(2) |
| 520 ## - SUMMARY, ETC. | |
| Summary, etc. | In the light of the announcement by the Department for Transport of a number of new road schemes recommended by the eight English regions, this article examines whether the involvement of the regions in the planning and prioritisation of major transport projects is likely to be positive. Its advocates argue that the regions will adopt a more holistic approach to transport planning, giving proper consideration to economic and housing benefits of major schemes. Concern has been expressed, however, over funding levels, which are not guaranteed beyond the first three years. The uncertainty is prompting some regions to investigate alternative funding sources. |
| 590 ## - LOCAL NOTE (RLIN) | |
| Local note | IKA010806 |
| 651 #4 - SUBJECT ADDED ENTRY--GEOGRAPHIC NAME | |
| Geographic name | England |
| Chronological subdivision | 886- |
| 690 ## - LOCAL SUBJECT ADDED ENTRY--TOPICAL TERM (OCLC, RLIN) | |
| Topical term or geographic name as entry element | PROPERTY-INFRASTRUCTURE-ROAD INFRASTRUCTURE |
| 942 ## - ADDED ENTRY ELEMENTS (KOHA) | |
| Suppress in OPAC | 0 |
| Withdrawn status | Lost status | Source of classification or shelving scheme | Damaged status | Not for loan | Home library | Current library | Shelving location | Date acquired | Total Checkouts | Full call number | Barcode | Date last seen | Copy number | Price effective from | Koha item type |
|---|---|---|---|---|---|---|---|---|---|---|---|---|---|---|---|
| Dewey Decimal Classification | London | London | Journal article | 01/08/2006 | L134385 | 134385-1001 | 06/08/2019 | 1 | 06/08/2019 | Journal article |